Najpopularniejsze utwory Tymka. - Statystyki

Ogólne statystyki
  • Ten quiz został rozwiązany 58 razy
  • Średni wynik to 8 z 15
Statystyki odpowiedzi
Wyświetlenia Gość Utwór % Poprawnych
143 mln Big Scythe Język Ciała
96%
102 mln Big Scythe i Deys Anioły i Demony
92%
101 mln Trill Pem i Tede Rainman
88%
88 mln Poza Kontrolą
82%
19 mln Qry i FLEXLIKEKEV Kłapią Gębą
53%
16 mln Oki i PlanBe Milion
53%
35 mln Romans
53%
21 mln Nabo Nassib Fonabo Radość
51%
10 mln Kuba Karaś i Urbanski Oczko w głowie
47%
21 mln Wiatr Banalne
43%
14 mln Semantyka
37%
19 mln 80'
35%
15 mln Kasta Jak Zostałem Gangsterem
35%
14 mln Jedyna
33%
17 mln Klubowa Suka
22%
Nie znaleziono quizów pasujących do podanych kryteriów
Rozkład punktacji
Procent ludzi z każdym wynikiem
Percentyl według liczby udzielonych odpowiedzi
Twoja historia wyników
Nie rozwiązałeś tego quizu